Normal view MARC view

Entry Topical Term

Number of records used in: 2

001 - CONTROL NUMBER

  • control field: 7233

003 - CONTROL NUMBER IDENTIFIER

  • control field: dpl

005 - DATE AND TIME OF LATEST TRANSACTION

  • control field: 20100805162536.0

008 - FIXED-LENGTH DATA ELEMENTS

  • fixed length control field: 100805|||a|||||| | ||| d

040 ## - CATALOGING SOURCE

  • Original cataloging agency: dpl
  • Transcribing agency: dpl

150 ## - HEADING--TOPICAL TERM

  • Topical term or geographic name as entry element: Hindi fiction
  • General subdivision: History and criticism

670 ## - SOURCE DATA FOUND

  • Source citation: Work cat.: (dpl)32236: मिश्र, राहुल 7231, आठवें दशक के बादःहिंदी कथा- साहित्य /, 2009

670 ## - SOURCE DATA FOUND

  • Source citation: Work cat.: (dpl)32236: मिश्र, राहुल 7231, आठवें दशक के बादःहिंदी कथा- साहित्य /, 2009

© Delhi Public Library
Hit Counter
free hit counter